000 00510nam a2200181 i 4500
001 82622
003 ES-MaACL
007 t|
008 041111s1982 sp ||||1| spa d
245 0 0 _aImpuesto sobre la Renta de las personas físicas.
250 _a[4ª ed.].
260 _aMadrid :
_bBoletín Oficial del Estado,
_c1982.
300 _a410 p. ;
_c17 cm.
490 1 _aTextos legales ;
_v9
830 0 _aTextos legales ;
_v9
_9178122
852 _aES-MaACL
_jL-4005
_bR.104685
999 _c82622
_d82622